The cuckoo's secret / (Record no. 672000)
[ view plain ]
| 000 -LEADER | |
|---|---|
| fixed length control field | 00830nam a2200277 a 4500 |
| 001 - CONTROL NUMBER | |
| control field | vtls000824207 |
| 003 - CONTROL NUMBER IDENTIFIER | |
| control field | NLI |
| 005 - DATE AND TIME OF LATEST TRANSACTION | |
| control field | 20210627055921.0 |
| 008 - FIXED-LENGTH DATA ELEMENTS--GENERAL INFORMATION | |
| fixed length control field | 110331s1922 enke 000 0 eng |
| 039 #9 - LEVEL OF BIBLIOGRAPHIC CONTROL AND CODING DETAIL [OBSOLETE] | |
| -- | 201103312020 |
| -- | Datasoft |
| 040 0# - CATALOGING SOURCE | |
| Original cataloging agency | NLI |
| Language of cataloging | eng |
| Transcribing agency | Retro_DSC 1 |
| Description conventions | AACR2 |
| 041 0# - LANGUAGE CODE | |
| Language code of text/sound track or separate title | eng |
| 044 ## - COUNTRY OF PUBLISHING/PRODUCING ENTITY CODE | |
| MARC country code | enk |
| 082 04 - DEWEY DECIMAL CLASSIFICATION NUMBER | |
| Classification number | 598.74 |
| 100 1# - MAIN ENTRY--PERSONAL NAME | |
| Personal name | Chance, Edgar P. |
| Fuller form of name | (Edgar Percival) |
| 9 (RLIN) | 803222 |
| 245 14 - TITLE STATEMENT | |
| Title | The cuckoo's secret / |
| Statement of responsibility, etc. | by Edgar Chance |
| 260 ## - PUBLICATION, DISTRIBUTION, ETC. | |
| Place of publication, distribution, etc. | London : |
| Name of publisher, distributor, etc. | Sidgwick & Jackson, |
| Date of publication, distribution, etc. | 1922 |
| 300 ## - PHYSICAL DESCRIPTION | |
| Extent | xiv, 239, [1] p. : |
| Other physical details | fold. plans. ; |
| Dimensions | 21 cm. |
| 650 #0 - SUBJECT ADDED ENTRY--TOPICAL TERM | |
| Topical term or geographic name entry element | Cuckoos |
| 710 2# - ADDED ENTRY--CORPORATE NAME | |
| Corporate name or jurisdiction name as entry element | Dr. Sailendra Nath Sen Collection (National Library, India) |
| 887 ## - NON-MARC INFORMATION FIELD | |
| Content of non-MARC field | |
| 901 ## - LOCAL DATA ELEMENT A, LDA (RLIN) | |
| a | SC1383 |
| b | 14.11.1961 |
| 902 ## - LOCAL DATA ELEMENT B, LDB (RLIN) | |
| a | S.C 598.74 C 36 |
| 949 ## - LOCAL PROCESSING INFORMATION (OCLC) | |
| -- | VIRTUAITEM |
| -- | 10000 |
| -- | 100 |
| 6 | GSC000001383ENG |
| 942 ## - ADDED ENTRY ELEMENTS (KOHA) | |
| Source of classification or shelving scheme | Dewey Decimal Classification |
| Koha item type | Books |
| Withdrawn status | Lost status | Damaged status | Not for loan | Collection code | Home library | Current library | Shelving location | Date acquired | Total Checkouts | Full call number | Barcode | Date last seen | Price effective from | Koha item type |
|---|---|---|---|---|---|---|---|---|---|---|---|---|---|---|
| Saliendranath Collection | National Library of India | National Library of India | Saliendranath Collection - Main Stack Division | S.C 598.74 C 36 | GSC000001383ENG | 27/06/2021 | 27/06/2021 | Books |
